| 000 | 00000nam##2200000za#4500 |
| 001 | 9.612389 |
| 003 | CaOODSP |
| 005 | 20200327124522 |
| 007 | ta |
| 008 | 150406|1995||||xxc||||| f|0| 0 eng|d |
| 022 | |a0714-6221 |
| 040 | |aCaOODSP|beng |
| 043 | |an-cn--- |
| 086 | 1 |aNM95-57/1-6-1995E |
| 110 | 1 |aCanada.|bCanadian Heritage. |bCanadian Conservation Institute. |
| 245 | 10|aTime capsules |
| 260 | |aOttawa - Ontario : |bCanadian Heritage. |c1995. |
| 300 | |a6p. : |bfigs., references ; |c28 cm. |
| 490 | 1 |aCCI Notes |x0714-6221|v1/6 |
| 563 | |aLoose-leaf |
| 690 | 07|aArtefacts|2gcpds |
| 776 | 0#|tTime capsules |w(CaOODSP)9.570122 |
| 830 | #0|aCCI notes,|x0714-6221|v1/6|w(CaOODSP)9.514835 |